Antigua et Barbuda pour les touristes... - Facile - Statistiques

Statistiques générales
  • Ce quiz a été pris 4 fois
  • Le résultat moyen est 16 sur 20
Statistiques - réponses
Question Indice Réponses Indice facile % Correct
Combien d'heures (environ) mettrez-vous pour vous y rendre ? (en chiffres) 13
100%
Dans la capitale quel est le décalage horaire avec Paris ? (+ ou - et chiffre) ex - 10 - 6
100%
Le suffixe internet est ag
100%
Quelle est la langue officielle ? Anglais
100%
La religion majoritaire est Christianisme C
100%
Achats à faire 1/ Utiles en cuisine Epices SEPICE
100%
La conduite se fait à droite ou à gauche ? Gauche
100%
Achats à faire 3/ A mettre sur le visage... Masque MAQUES
100%
Avez-vous besoin d'un visa ? (oui/non) Non
100%
Achats à faire 2/ Sculptures anthropomorphe Statuettes ESTEUTTATS
100%
Quel est le climat local ? T Tropical
100%
La vitesse est limitée hors des villes à {60} km/h
75%
Le principal aéroport est B Bird
75%
Quelles sont les principaux lieux touristiques ? J Fort {James} MAJES
75%
Quelles sont les principaux lieux touristiques ? C Récif de {Cades} CEDAS
75%
Comment se nomme la principale compagnie aérienne locale C S A Caribbean Star Airlines IANBEARCBARTSLAINIERS
50%
Quelles sont les principaux lieux touristiques ? N D Parc national de {Nelson's Dockyard} NDSEASNCOLDOYKR
50%
Quelle est la monnaie ? Dollar de la Caraïbe orientale $
25%
Quelles sont les principaux lieux touristiques ? P D D Parc national du {Pont du Diable} LDEPTDIOUANB
25%
Quelles sont les principaux lieux touristiques ? S Shirley {Heights} ISHEGTH
25%
Aucun quiz correspondant
Distribution des résultats
% des personnes avec chaque résultat
Percentile par nombre de réponses
Votre historique - résultats
Vous n’avez pas pris ce quiz